[Event "COL-ch U20"]
[Site "Bogota"]
[Date "2025.02.02"]
[Round "9"]
[White "Sanchez Aragon, Michael Alejandro"]
[Black "Casas Bernal, Juan Jose"]
[Result "1-0"]
[WhiteElo "1672"]
[BlackElo "1568"]
[PlyCount "119"]
[EventDate "2025.01.29"]
[EventType "tourn"]
[EventRounds "9"]
[EventCountry "COL"]
[SourceTitle "CB06_2025"]
[SourceDate "2025.02.05"]
[SourceVersion "1"]
[SourceVersionDate "2025.02.05"]
[SourceQuality "1"]

1. e4 e5 2. Nf3 Nc6 3. Bc4 Nf6 4. d3 Bc5 5. 0-0 d6 6. h3 a6 7. c3 Ba7 8. Bg5 h6 9. Bh4 g5 10. Bg3 Be6 11. Bxe6 fxe6 12. Qb3 Qc8 13. Re1 Nh5 14. Bh2 Nf4 15. Bxf4 exf4 16. e5 d5 17. c4 dxc4 18. Qxc4 Qd7 19. Nc3 0-0-0 20. Rad1 h5 21. Ne4 g4 22. Nf6 Qe7 23. hxg4 hxg4 24. Nxg4 Nd4 25. Nf6 Nxf3+ 26. gxf3 Rdg8+ 27. Kf1 Bxf2 28. Re2 Rg1+ 29. Kxf2 Rxd1 30. Qxf4 Qc5+ 31. Qe3 Qxe3+ 32. Kxe3 Rd8 33. Rd2 Rxd2 34. Kxd2 Rh8 35. Ne4 b6 36. Ke3 Rh2 37. Nf2 Kd7 38. d4 Rg2 39. Nd3 Rh2 40. f4 Rh3+ 41. Ke4 Rg3 42. Ne1 Rg1 43. Nd3 Rd1 44. a3 Rd2 45. Ke3 Rc2 46. Ke4 c5 47. d5 c4 48. dxe6+ Kxe6 49. f5+ Ke7 50. f6+ Kf7 51. Nf4 Rxb2 52. Kf5 c3 53. e6+ Kg8 54. Kg6 Kf8 55. e7+ Ke8 56. f7+ Kxe7 57. Kg7 c2 58. f8Q+ Kd7 59. Qf5+ Kc6 60. Qf6+ 1-0

[Event "COL-ch U20"]
[Site "Bogota"]
[Date "2025.01.30"]
[Round "3"]
[White "Campo Jimenez, David"]
[Black "Sanchez Aragon, Michael Alejandro"]
[Result "1-0"]
[WhiteElo "1914"]
[BlackElo "1672"]
[PlyCount "115"]
[EventDate "2025.01.29"]
[EventType "tourn"]
[EventRounds "9"]
[EventCountry "COL"]
[SourceTitle "CB06_2025"]
[SourceDate "2025.02.05"]
[SourceVersion "1"]
[SourceVersionDate "2025.02.05"]
[SourceQuality "1"]

1. e4 e6 2. d4 d5 3. Nd2 c5 4. exd5 exd5 5. Ngf3 Nc6 6. dxc5 Bxc5 7. Nb3 Bb6 8. Bd3 Nf6 9. Qe2+ Qe7 10. Qxe7+ Nxe7 11. Bg5 Ne4 12. Bxe4 dxe4 13. Nfd2 f6 14. Bf4 Nd5 15. Bg3 e3 16. Nc4 exf2+ 17. Bxf2 0-0 18. Bxb6 Nxb6 19. Nd6 Bd7 20. 0-0-0 Bc6 21. Na5 Bxg2 22. Rhg1 Bd5 23. Nf5 Kh8 24. Nxg7 f5 25. Rdf1 f4 26. Nh5 f3 27. Rg4 Rae8 28. c4 f2 29. Kd2 Bf3 30. Rf4 Bxh5 31. R1xf2 Rxf4 32. Rxf4 Re7 33. c5 Nd5 34. Rf5 Bf7 35. Nc4 Nc7 36. Nd6 Bd5 37. Rf8+ Kg7 38. Rc8 Be6 39. Rxc7 Rxc7 40. Ne8+ Kg6 41. Nxc7 Bxa2 42. b4 Kf7 43. Nb5 Ke6 44. Nxa7 Kd5 45. Kc3 Ke4 46. b5 Bd5 47. b6 Kf4 48. c6 Kg4 49. c7 Be6 50. c8Q Bxc8 51. Nxc8 Kh3 52. Nd6 Kxh2 53. Nxb7 h5 54. Nc5 h4 55. b7 h3 56. b8Q+ Kh1 57. Qf4 Kg2 58. Ne4 1-0

[Event "COL-ch U20"]
[Site "Bogota"]
[Date "2025.01.30"]
[Round "2"]
[White "Contreras Salcedo, Samuel Esteban"]
[Black "Sanchez Aragon, Michael Alejandro"]
[Result "0-1"]
[WhiteElo "1482"]
[BlackElo "1672"]
[PlyCount "48"]
[EventDate "2025.01.29"]
[EventType "tourn"]
[EventRounds "9"]
[EventCountry "COL"]
[SourceTitle "CB06_2025"]
[SourceDate "2025.02.05"]
[SourceVersion "1"]
[SourceVersionDate "2025.02.05"]
[SourceQuality "1"]

1. e4 e6 2. d4 d5 3. e5 c5 4. c3 Nc6 5. Nf3 Qb6 6. b3 Bd7 7. Bb2 cxd4 8. cxd4 Bb4+ 9. Nc3 Rc8 10. Qd3 Nge7 11. Be2 Nf5 12. 0-0 Ncxd4 13. Nxd4 Qxd4 14. Qxd4 Nxd4 15. Rfe1 Nc2 16. Rac1 Nxe1 17. Rxe1 Bxc3 18. Bxc3 Rxc3 19. Ra1 0-0 20. Bf3 Rfc8 21. h3 Rc1+ 22. Rxc1 Rxc1+ 23. Kh2 d4 24. Kg3 d3 0-1

[Event "COL-ch U20"]
[Site "Bogota"]
[Date "2025.01.29"]
[Round "1"]
[White "Sanchez Aragon, Michael Alejandro"]
[Black "Guarin Fonseca, Nobel Alfredo"]
[Result "0-1"]
[WhiteElo "1672"]
[BlackElo "2032"]
[PlyCount "126"]
[EventDate "2025.01.29"]
[EventType "tourn"]
[EventRounds "9"]
[EventCountry "COL"]
[SourceTitle "CB06_2025"]
[SourceDate "2025.02.05"]
[SourceVersion "1"]
[SourceVersionDate "2025.02.05"]
[SourceQuality "1"]

1. e4 Nf6 2. Nc3 d6 3. d4 g6 4. Be2 Bg7 5. Nf3 c6 6. 0-0 Bg4 7. h3 Bxf3 8. Bxf3 Nbd7 9. Re1 e5 10. d5 c5 11. b3 0-0 12. Nb5 a6 13. Na3 b5 14. c4 b4 15. Nc2 a5 16. a3 a4 17. Ne3 axb3 18. Qxb3 Qc7 19. Bd2 Rfb8 20. axb4 Rxa1 21. Rxa1 cxb4 22. Ng4 Nxg4 23. hxg4 Nc5 24. Qb1 f5 25. Be3 fxe4 26. Bxe4 b3 27. Bxc5 Qxc5 28. Qd3 b2 29. Rb1 Qd4 30. Kf1 Qxd3+ 31. Bxd3 Bh6 32. Rd1 Bc1 33. Bb1 Ra8 34. c5 dxc5 35. d6 Kf8 36. d7 Ke7 37. d8Q+ Rxd8 38. Rxd8 Kxd8 39. Ke2 Ke7 40. Kd3 Kf6 41. Ke4 Bf4 42. g3 Bd2 43. f4 exf4 44. gxf4 h5 45. g5+ Kg7 46. Kf3 h4 47. Kg4 h3 48. Kxh3 Bxf4 49. Kg4 Be3 50. Kh4 c4 51. Kg4 Bc1 52. Kh4 Kf7 53. Kg4 Bd2 54. Kh4 c3 55. Kg4 Be3 56. Bc2 Bc1 57. Bb1 Ke6 58. Bxg6 Kd5 59. Kf3 Kc4 60. Bc2 Bxg5 61. Ke2 Kb4 62. Kd1 Ka3 63. Bb1 Kb3 0-1